[Event "?"]
[Site "ICS Rated Blitz match, 131.24"]
[Date "1997.??.??"]
[Round "?"]
[White "Brause"]
[Black "Lichtzahn"]
[Result "0-1"]
[WhiteElo "2250"]
[BlackElo "2595"]
[PlyCount "98"]

1. e4 e5 2. Nf3 Nc6 3. Nc3 Nf6 4. Nxe5 Nxe5 5. d4 Ng6 6. e5 Ng8 7. Bc4 c6 8.
Qf3 d5 9. exd6 Be6 10. d5 Ne5 11. Qh5 Nxc4 12. dxe6 Nxd6 13. O-O Nf6 14. exf7+
Nxf7 15. Re1+ Be7 16. Qe2 Nd5 17. Nxd5 cxd5 18. c3 Rc8 19. Be3 O-O 20. Bxa7 Bd6
21. Bd4 Qd7 22. Rad1 Rfe8 23. Be3 Re5 24. Qd3 Rce8 25. Rd2 Nh6 26. Rf1 Ng4 27.
Bd4 Re1 28. g3 Qf7 29. f4 Rxf1+ 30. Qxf1 Qg6 31. f5 Qh5 32. h3 Ne3 33. Qb5 Nxf5
34. g4 Re1+ 35. Kg2 Qg5 36. Re2 Rxe2+ 37. Qxe2 Nxd4 38. cxd4 Qe7 39. Qf3 Qe4
40. Qxe4 dxe4 41. Kf2 Bf4 42. Ke2 Kf7 43. d5 Ke7 44. Kd1 g5 45. Kc2 Kd6 46. b3
Kxd5 47. Kc3 Bd6 48. Kd2 Kd4 49. Ke2 e3 0-1

[Event "?"]
[Site "ICS Rated Blitz match, 131.24"]
[Date "1997.??.??"]
[Round "?"]
[White "Brause"]
[Black "Lichtzahn"]
[Result "0-1"]
[WhiteElo "2250"]
[BlackElo "2600"]
[PlyCount "137"]

1. e4 e5 2. Nf3 Nc6 3. Nc3 Nf6 4. Nxe5 Nxe5 5. d4 Ng6 6. e5 Ng8 7. Bc4 c6 8.
Qf3 d5 9. exd6 Be6 10. d5 Ne5 11. Qh5 Nxc4 12. dxe6 Nxd6 13. O-O Nf6 14. exf7+
Nxf7 15. Re1+ Be7 16. Qe2 Nd5 17. Nxd5 cxd5 18. c3 Rc8 19. Be3 O-O 20. Bxa7 Bd6
21. Bd4 Qd7 22. Rad1 Rfe8 23. Be3 Re5 24. Qd3 Rce8 25. Rd2 Nh6 26. Rf1 Ng4 27.
Bd4 Re1 28. g3 Rxf1+ 29. Qxf1 Qf5 30. Kg2 Re6 31. Qd1 Rh6 32. h4 Rg6 33. Re2
Re6 34. Rxe6 Qxe6 35. f3 Ne5 36. Qe2 Qf5 37. Bxe5 Qxe5 38. Qxe5 Bxe5 39. f4 Bc7
40. h5 Kf7 41. Kf3 Bb6 42. a4 Ke6 43. g4 Bc5 44. Ke2 d4 45. b4 Ba7 46. cxd4
Bxd4 47. Kd3 Kd5 48. a5 Ba7 49. g5 Bb8 50. f5 Bc7 51. g6 hxg6 52. fxg6 Ke6 53.
Ke4 Kf6 54. b5 Bxa5 55. Kf4 Bd2+ 56. Kg4 Bc1 57. b6 Be3 58. Kf3 Bxb6 59. Kf4
Be3+ 60. Kxe3 Kg5 61. Ke4 Kxh5 62. Kf4 Kxg6 63. Ke4 b5 64. Kd3 Kf5 65. Ke2 Ke4
66. Kd2 g5 67. Kc2 g4 68. Kd2 g3 69. Ke1 0-1

[Event "?"]
[Site "ICS Rated Blitz match, 131.24"]
[Date "1997.??.??"]
[Round "?"]
[White "Brause"]
[Black "OliB"]
[Result "1-0"]
[WhiteElo "2255"]
[BlackElo "1645"]
[PlyCount "29"]

1. e4 e5 2. Nf3 Nc6 3. Nc3 Nf6 4. Nxe5 Nxe5 5. d4 Ng6 6. e5 Ng8 7. Bc4 Bb4 8.
Qf3 Qe7 9. O-O Bxc3 10. bxc3 d6 11. Ba3 Be6 12. Qxb7 Qd8 13. exd6 cxd6 14. Bxd6
Bxc4 15. Qc6+ 1-0

[Event "?"]
[Site "ICS Rated Blitz match, 131.24"]
[Date "1997.??.??"]
[Round "?"]
[White "Brause"]
[Black "OliB"]
[Result "1-0"]
[WhiteElo "2255"]
[BlackElo "1645"]
[PlyCount "21"]

1. e4 e5 2. Nf3 Nc6 3. Nc3 Nf6 4. Nxe5 Nxe5 5. d4 Nc6 6. d5 Ne5 7. f4 Ng6 8. e5
Ng8 9. d6 cxd6 10. exd6 Qf6 11. Nb5 1-0

[Event "?"]
[Site "ICS Rated Blitz match, 131.24"]
[Date "1997.??.??"]
[Round "?"]
[White "Brause"]
[Black "OliB"]
[Result "1-0"]
[WhiteElo "2255"]
[BlackElo "1645"]
[PlyCount "37"]

1. e4 e5 2. Nf3 Nc6 3. Nc3 Nf6 4. Nxe5 Nxe5 5. d4 Ng6 6. e5 Ng8 7. Bc4 c6 8.
Qf3 d5 9. exd6 Be6 10. d5 Ne5 11. Qh5 Nxc4 12. dxe6 Nxd6 13. O-O Nf6 14. exf7+
Nxf7 15. Re1+ Be7 16. Qe2 Qd6 17. Bf4 Qd7 18. Rad1 Nd6 19. Bxd6 1-0

[Event "?"]
[Site "ICS Rated Blitz match, 131.24"]
[Date "1997.??.??"]
[Round "?"]
[White "Brause"]
[Black "OliB"]
[Result "1-0"]
[WhiteElo "2255"]
[BlackElo "1645"]
[PlyCount "97"]

1. e4 e5 2. Nf3 Nc6 3. Nc3 Nf6 4. Nxe5 Nxe5 5. d4 Ng6 6. e5 Ng8 7. Bc4 c6 8.
Qf3 d5 9. exd6 Be6 10. d5 Ne5 11. Qh5 Nxc4 12. dxe6 Nxd6 13. O-O Nf6 14. exf7+
Nxf7 15. Re1+ Be7 16. Qe2 Nd5 17. Nxd5 cxd5 18. c3 Rc8 19. Be3 O-O 20. Bxa7 Bc5
21. Bxc5 Rxc5 22. Rad1 b5 23. Qe6 Kh8 24. Rd3 h6 25. Red1 Ng5 26. Qe3 Rc7 27.
Rxd5 Qf6 28. Rxb5 Ne4 29. f3 Ng5 30. Qe5 Qxe5 31. Rxe5 Ra8 32. a3 Rb7 33. Rd2
Nf7 34. Re4 Rab8 35. Rb4 Rxb4 36. cxb4 Kg8 37. f4 Kf8 38. Re2 Re8 39. Rxe8+
Kxe8 40. b5 Kd7 41. a4 Kc7 42. g4 Nd6 43. f5 Kb6 44. b3 Ka5 45. Kf2 Kb4 46. b6
Kxb3 47. a5 Kb4 48. a6 Ka5 49. b7 1-0

[Event "?"]
[Site "ICS Rated Blitz match, 131.24"]
[Date "1997.??.??"]
[Round "?"]
[White "Brause"]
[Black "Sahara"]
[Result "1-0"]
[WhiteElo "2260"]
[BlackElo "1940"]
[PlyCount "101"]

1. e4 e5 2. Nf3 Nc6 3. Nc3 Nf6 4. Nxe5 Nxe5 5. d4 Ng6 6. e5 Ng8 7. Bc4 d6 8.
Qf3 f6 9. O-O dxe5 10. dxe5 Nxe5 11. Qe4 Ne7 12. Rd1 Bd7 13. Be6 Qc8 14. Rxd7
Nxd7 15. Be3 Nc6 16. Rd1 Bd6 17. Nb5 Ke7 18. Bh3+ Kf8 19. Nxd6 cxd6 20. Rxd6
Qe8 21. Qxe8+ Kxe8 22. Bxd7+ Ke7 23. Bc5 Rad8 24. Rd4+ Kf7 25. Bxc6 Rxd4 26.
Bxd4 bxc6 27. Kf1 Ke6 28. Ke2 a6 29. c4 Kd6 30. b4 Re8+ 31. Kd3 Re1 32. a4 Rd1+
33. Kc3 Ke6 34. b5 axb5 35. cxb5 cxb5 36. axb5 Kd5 37. b6 Rc1+ 38. Kb2 Rc8 39.
Be3 Ke4 40. Kb3 f5 41. g3 h6 42. Kb4 g5 43. Kb5 f4 44. gxf4 gxf4 45. Bc5 Kd5
46. Bb4 h5 47. b7 Rg8 48. Kb6 Ke4 49. Bd6 h4 50. b8=Q Rxb8+ 51. Bxb8 1-0

[Event "?"]
[Site "ICS Rated Blitz match, 131.24"]
[Date "1997.??.??"]
[Round "?"]
[White "Brause"]
[Black "Lichtzahn"]
[Result "0-1"]
[WhiteElo "2350"]
[BlackElo "2605"]
[PlyCount "119"]

1. e4 e5 2. Nf3 Nc6 3. Nc3 Nf6 4. Nxe5 Nxe5 5. d4 Ng6 6. e5 Qe7 7. Qe2 Ng8 8.
f4 Qb4 9. Qd2 N8e7 10. a3 Qb6 11. Bc4 Nh4 12. b3 Nhf5 13. d5 Ng6 14. Bd3 d6 15.
Rf1 Be7 16. exd6 Qxd6 17. Nb5 Qb6 18. Bb2 Bd7 19. c4 O-O 20. Bxf5 Bxf5 21.
O-O-O Bc5 22. Bd4 Bxd4 23. Qxd4 Rfc8 24. Qxb6 axb6 25. Kb2 Bg4 26. Rd2 Bd7 27.
Nc3 Rd8 28. Rff2 Be8 29. Ne4 Rac8 30. Kc1 Bd7 31. Nc3 f6 32. d6 cxd6 33. Rxd6
Bc6 34. Rxd8+ Rxd8 35. g3 Rc8 36. Kd2 Kf7 37. Ke3 h5 38. Kd3 Ne7 39. Rd2 Nf5
40. a4 Rd8+ 41. Kc2 Rxd2+ 42. Kxd2 Nd4 43. b4 Nf3+ 44. Ke3 Nxh2 45. Kf2 Ng4+
46. Ke2 g5 47. fxg5 fxg5 48. b5 Bg2 49. c5 bxc5 50. a5 h4 51. gxh4 gxh4 52. Kd2
h3 53. Ne2 h2 54. Ng3 Nf6 55. Ke3 Nh5 56. Nxh5 h1=Q 57. Ng3 Qe1+ 58. Ne2 Bf1
59. a6 Qxe2+ 60. Kf4 0-1

[Event "?"]
[Site "ICS Rated Blitz match, 131.24"]
[Date "1997.??.??"]
[Round "?"]
[White "Brause"]
[Black "Wildsau"]
[Result "1-0"]
[WhiteElo "2345"]
[BlackElo "2515"]
[PlyCount "127"]

1. e4 e5 2. Nf3 Nf6 3. Nc3 Nc6 4. Nxe5 Nxe5 5. d4 Nc6 6. d5 Ne5 7. f4 Ng6 8. e5
Ng8 9. d6 cxd6 10. exd6 Qh4+ 11. g3 Qf6 12. Nb5 Kd8 13. Be3 b6 14. Nxa7 Bxd6
15. Bxb6+ Ke8 16. Qf3 Rb8 17. Qe3+ Qe6 18. O-O-O Bb7 19. Rg1 Be7 20. Qxe6 dxe6
21. Bd4 Kf8 22. Bg2 Bxg2 23. Rxg2 Ra8 24. a3 Nf6 25. Nb5 Ng4 26. Rgd2 Nh6 27.
h4 Kg8 28. h5 Nf8 29. Na7 Nf5 30. Nc6 Bf6 31. Bxf6 gxf6 32. g4 Nh6 33. Ne7+ Kg7
34. g5 fxg5 35. fxg5 Ng4 36. h6+ Nxh6 37. gxh6+ Kxh6 38. c4 Ra4 39. c5 Ng6 40.
Nxg6 hxg6 41. Rh1+ Kg7 42. Rxh8 Kxh8 43. c6 Ra7 44. Rd7 Ra6 45. c7 Rc6+ 46. Kd2
Rc4 47. Rd8+ Kg7 48. c8=Q Rxc8 49. Rxc8 Kf6 50. a4 Ke7 51. a5 Kd7 52. Rc3 g5
53. a6 g4 54. a7 f5 55. b4 Ke7 56. a8=Q Kf6 57. Qd8+ Kg6 58. Qe7 f4 59. Qxe6+
Kg5 60. Qe7+ Kh6 61. Rc5 f3 62. Qf6+ Kh7 63. Rc7+ Kg8 64. Qd8# 1-0

[Event "?"]
[Site "ICS Rated Blitz match, 131.24"]
[Date "1997.??.??"]
[Round "?"]
[White "Brause"]
[Black "Lichtzahn"]
[Result "1/2-1/2"]
[WhiteElo "2350"]
[BlackElo "2615"]
[PlyCount "192"]

1. e4 e5 2. Nf3 Nc6 3. Nc3 Nf6 4. Nxe5 Nxe5 5. d4 Ng6 6. e5 Qe7 7. Qe2 Ng8 8.
f4 Qb4 9. Qd2 N8e7 10. a3 Qb6 11. Bc4 Nh4 12. b3 Nhf5 13. Ne2 d5 14. exd6 Nxd6
15. Bd3 Bf5 16. Bb2 Bxd3 17. Qxd3 Qa5+ 18. Bc3 Qf5 19. Qd1 O-O-O 20. O-O Ne4
21. Bb2 Ng6 22. c4 Bd6 23. d5 Nf6 24. h3 Bc5+ 25. Kh2 Be3 26. Kh1 Rhe8 27. Ng3
Qd7 28. Bxf6 gxf6 29. Nh5 Qd6 30. Qd3 Qb6 31. Qf5+ Kb8 32. Nxf6 Re7 33. Rab1
Qd6 34. Nxh7 Qxa3 35. Ng5 Qa2 36. g3 Bf2 37. Qg4 f5 38. Qf3 Re2 39. Ra1 Qb2 40.
Rab1 Qd2 41. Rbd1 Qe3 42. Qxe3 Bxe3 43. Rfe1 Rxe1+ 44. Rxe1 Bf2 45. Re6 Nh8 46.
Kg2 Bd4 47. Nf3 Bc5 48. Nh4 b5 49. Rc6 Bf8 50. Nxf5 bxc4 51. bxc4 a5 52. Nd4
Kb7 53. Ne6 Rc8 54. Nc5+ Bxc5 55. Rxc5 a4 56. g4 Ra8 57. Rb5+ Ka6 58. Rb1 a3
59. f5 Ka5 60. g5 a2 61. Ra1 Kb4 62. g6 Kb3 63. g7 Kb2 64. Rf1 a1=Q 65. Rxa1
Kxa1 66. f6 Nf7 67. c5 Nh6 68. Kf3 Nf5 69. c6 Nxg7 70. fxg7 Re8 71. Kf4 Rg8 72.
d6 cxd6 73. c7 d5 74. Ke5 d4 75. Ke6 d3 76. Kf7 Ra8 77. g8=Q Rxg8 78. Kxg8 d2
79. c8=Q d1=Q 80. Qc3+ Kb1 81. Kg7 Qh5 82. Qd3+ Kb2 83. Kf6 Qh8+ 84. Ke6 Qe8+
85. Kd5 Qd7+ 86. Kc4 Qc6+ 87. Kb4 Qb6+ 88. Ka4 Qc6+ 89. Qb5+ Qxb5+ 90. Kxb5 Kc3
91. Kc5 Kd3 92. h4 Ke4 93. h5 Ke5 94. Kb5 Kf5 95. h6 Kg6 96. h7 Kxh7 1/2-1/2

[Event "?"]
[Site "ICS Rated Blitz match, 131.24"]
[Date "1997.??.??"]
[Round "?"]
[White "Brause"]
[Black "Lichtzahn"]
[Result "0-1"]
[WhiteElo "2350"]
[BlackElo "2610"]
[PlyCount "52"]

1. e4 e5 2. Nf3 Nc6 3. Nc3 Nf6 4. Nxe5 Nxe5 5. d4 Ng6 6. e5 Ng8 7. Bc4 c6 8.
Qf3 d5 9. exd6 Be6 10. Bxe6 fxe6 11. Ne4 Qa5+ 12. c3 Qd5 13. O-O O-O-O 14. Re1
Bxd6 15. Qf7 Rd7 16. Nxd6+ Rxd6 17. f3 Qf5 18. Qe8+ Kc7 19. Qa8 Qa5 20. b4 Qb6
21. Bf4 Nxf4 22. Qf8 Ng6 23. Qf7+ Kc8 24. Rxe6 Nh6 25. Re8+ Rxe8 26. Qxe8+ Qd8
0-1

[Event "?"]
[Site "ICS Rated Blitz match, 131.24"]
[Date "1997.??.??"]
[Round "?"]
[White "Brause"]
[Black "Lichtzahn"]
[Result "0-1"]
[WhiteElo "2350"]
[BlackElo "2610"]
[PlyCount "67"]

1. e4 e5 2. Nf3 Nc6 3. Nc3 Nf6 4. Nxe5 Nxe5 5. d4 Ng6 6. e5 Ng8 7. Bc4 c6 8.
Qf3 d5 9. exd6 Be6 10. Bxe6 fxe6 11. Ne4 Qa5+ 12. c3 Qd5 13. O-O O-O-O 14. Re1
Bxd6 15. Qf7 Rd7 16. Nxd6+ Rxd6 17. g3 Qf5 18. Qe8+ Kc7 19. Qa8 Qa5 20. b4 Qb6
21. Bf4 Nxf4 22. Qf8 Ng6 23. Qf7+ Kc8 24. Rxe6 Nh6 25. Re8+ Rxe8 26. Qxe8+ Qd8
27. Qe2 Qe7 28. Qf1 Qe4 29. Re1 Qc2 30. Qc4 Rf6 31. Rf1 Nf4 32. gxf4 Rg6+ 33.
Kh1 b5 34. f5 0-1

[Event "?"]
[Site "ICS Rated Blitz match, 131.24"]
[Date "1997.??.??"]
[Round "?"]
[White "Brause"]
[Black "Lichtzahn"]
[Result "0-1"]
[WhiteElo "2365"]
[BlackElo "2585"]
[PlyCount "94"]

1. e4 e5 2. Nf3 Nc6 3. Nc3 Nf6 4. Nxe5 Nxe5 5. d4 Ng6 6. e5 Ng8 7. Bc4 c6 8.
Qf3 d5 9. exd6 Be6 10. Bxe6 fxe6 11. Ne4 Qa5+ 12. c3 Qd5 13. O-O O-O-O 14. Re1
Bxd6 15. Qf7 Rd7 16. Nxd6+ Rxd6 17. f3 Qf5 18. Qe8+ Kc7 19. Qa8 Qa5 20. b4 Qb6
21. Bf4 Nxf4 22. Qf8 Ng6 23. Qf7+ Kc8 24. Rxe6 Nh6 25. Re8+ Rxe8 26. Qxe8+ Qd8
27. Qe4 Qg5 28. Qe8+ Kc7 29. Qe2 Nf5 30. Kh1 Nf4 31. Qf2 Re6 32. g4 Re2 33.
Qxe2 Nxe2 34. gxf5 Qh4 35. Kg2 Nf4+ 36. Kg1 Qg5+ 37. Kf2 Qg2+ 38. Ke3 Nd5+ 39.
Kd3 Qxf3+ 40. Kd2 Qe3+ 41. Kc2 Qe2+ 42. Kb3 Qd2 43. Rc1 Qxc1 44. a4 Qxc3+ 45.
Ka2 Nxb4+ 46. Kb1 Qc2+ 47. Ka1 Qc1# 0-1

[Event "?"]
[Site "ICS Rated Blitz match, 131.24"]
[Date "1997.??.??"]
[Round "?"]
[White "Brause"]
[Black "Lichtzahn"]
[Result "1-0"]
[WhiteElo "2360"]
[BlackElo "2590"]
[PlyCount "132"]

1. e4 e5 2. Nf3 Nc6 3. Nc3 Nf6 4. Nxe5 Nxe5 5. d4 Ng6 6. e5 Ng8 7. Bc4 c6 8.
Qf3 d5 9. exd6 Be6 10. Bxe6 fxe6 11. Ne4 Qa5+ 12. c3 Qd5 13. O-O O-O-O 14. Re1
Bxd6 15. b3 Be7 16. Qg4 Re8 17. Ng3 Bh4 18. c4 Qd7 19. Bb2 Nf6 20. Qf3 Qd6 21.
Re2 Qf4 22. Qc3 Bxg3 23. fxg3 Qf5 24. Rae1 Rhf8 25. Ba3 Rf7 26. h3 h5 27. Re3
Nh8 28. Bb4 Rd7 29. Bc5 b6 30. Re5 Qg6 31. Ba3 Kb7 32. Bc1 Red8 33. Rxe6 Rxd4
34. Qf3 R4d6 35. Bf4 Rxe6 36. Rxe6 Rc8 37. Re7+ Ka8 38. Re6 Qb1+ 39. Kh2 Qh7
40. Kg1 Kb7 41. Be5 Ng8 42. Qd1 g5 43. Qd2 Ka6 44. b4 Kb7 45. Qd4 Qf7 46. Rd6
Qf5 47. Rd7+ Ka8 48. Bxh8 g4 49. Kh2 Qf8 50. Rh7 Rd8 51. Qe4 Rd6 52. h4 Qc8 53.
Rxh5 Rd8 54. b5 Re8 55. Re5 Rxe5 56. Bxe5 Ne7 57. Bf6 Ng8 58. Bd4 Kb7 59. bxc6+
Qxc6 60. Qh7+ Ka6 61. Qxg8 Qc7 62. Qd5 Qc8 63. Qb5+ Kb7 64. c5 Qe6 65. c6+ Qxc6
66. Qxc6+ Kxc6 1-0

[Event "?"]
[Site "ICS Rated Blitz match, 131.24"]
[Date "1997.??.??"]
[Round "?"]
[White "Brause"]
[Black "Lichtzahn"]
[Result "0-1"]
[WhiteElo "2370"]
[BlackElo "2580"]
[PlyCount "77"]

1. e4 e5 2. Nf3 Nc6 3. Nc3 Nf6 4. Nxe5 Nxe5 5. d4 Ng6 6. e5 Ng8 7. Bc4 c6 8.
Qf3 d5 9. exd6 Be6 10. Bxe6 fxe6 11. Ne4 Qa5+ 12. c3 Qd5 13. O-O O-O-O 14. Re1
Bxd6 15. b3 Be7 16. Qg4 Re8 17. Ng3 Bh4 18. c4 Qd7 19. Bb2 Nh6 20. Qh3 Nf5 21.
Ne4 Kb8 22. Nc5 Qf7 23. a4 Rhf8 24. g3 Bd8 25. a5 Nfh4 26. Re2 Nf3+ 27. Kf1 Qf5
28. Qg2 e5 29. d5 Be7 30. Ne6 Rf7 31. Rd1 Bb4 32. a6 cxd5 33. cxd5 Rd7 34. Nd4
Rxd5 35. Rc1 Nxd4 36. Bxd4 Qd7 37. Rc4 Rxd4 38. Rxd4 Rc8 39. Qxb7+ 0-1

[Event "?"]
[Site "ICS Rated Blitz match, 131.24"]
[Date "1997.??.??"]
[Round "?"]
[White "Brause"]
[Black "Lichtzahn"]
[Result "0-1"]
[WhiteElo "2365"]
[BlackElo "2590"]
[PlyCount "108"]

1. e4 e5 2. Nf3 Nc6 3. Nc3 Nf6 4. Nxe5 Nxe5 5. d4 Ng6 6. e5 Ng8 7. Bc4 c6 8.
Qf3 d5 9. exd6 Be6 10. Bxe6 fxe6 11. Ne4 Qa5+ 12. c3 Qd5 13. O-O O-O-O 14. Re1
Bxd6 15. b3 Be7 16. Qg4 Re8 17. Ng3 Bh4 18. c4 Qd7 19. Bb2 Nh6 20. Qh3 Nf5 21.
Ne4 Kb8 22. Nc5 Qf7 23. Rad1 Rhf8 24. g3 Bd8 25. Nd3 h6 26. Re2 Bg5 27. Nc5 Bd8
28. Nd3 Bc7 29. Qg4 Re7 30. Rde1 Rd8 31. b4 h5 32. Qxh5 Nxd4 33. Bxd4 Rxd4 34.
Rd2 e5 35. Red1 e4 36. Ne1 Rxc4 37. Nc2 Qf3 38. Qxf3 exf3 39. Nd4 Ne5 40. a3
Rc3 41. a4 Rc4 42. b5 Rxa4 43. bxc6 bxc6 44. h4 c5 45. Nf5 Rf7 46. Ne3 Bb6 47.
Rc2 Re4 48. Rb1 c4 49. Kf1 Rb7 50. Nf5 Bc5 51. Ra1 Re2 52. Ne3 Rxc2 53. Nxc2
Rb2 54. Re1 Nd3 0-1

[Event "?"]
[Site "ICS Rated Blitz match, 131.24"]
[Date "1997.??.??"]
[Round "?"]
[White "Brause"]
[Black "Lichtzahn"]
[Result "0-1"]
[WhiteElo "2360"]
[BlackElo "2590"]
[PlyCount "128"]

1. e4 e5 2. Nf3 Nc6 3. Nc3 Nf6 4. Nxe5 Nxe5 5. d4 Ng6 6. e5 Ng8 7. Bc4 c6 8.
Qf3 d5 9. exd6 Be6 10. Bxe6 fxe6 11. Ne4 Qa5+ 12. c3 Qd5 13. O-O O-O-O 14. Re1
Bxd6 15. b3 Be7 16. Qg4 Re8 17. Ng3 Bh4 18. c4 Qd7 19. Bb2 Nh6 20. Qh3 Nf5 21.
Ne4 Kb8 22. Nc5 Qd6 23. Re4 b6 24. Na4 Bf6 25. c5 Qd5 26. Nc3 Qd8 27. cxb6 axb6
28. Ne2 c5 29. Qg4 h5 30. Qf3 cxd4 31. Nxd4 Nxd4 32. Qg3+ Kb7 33. Qxg6 Nf5 34.
Qf7+ Qe7 35. Qxe7+ Rxe7 36. Be5 Rd8 37. g3 Rd5 38. Rae1 Bxe5 39. Rxe5 Red7 40.
Kg2 Nd4 41. R5e4 Rc7 42. g4 Rc2 43. a4 Nxb3 44. Rxe6 Rg5 45. Re7+ Rc7 46. h3
hxg4 47. h4 Rg6 48. Rxc7+ Kxc7 49. Re5 Nc5 50. h5 Rd6 51. Rg5 Ne6 52. Rxg4 Rd4
53. Rxd4 Nxd4 54. f4 Kd6 55. Kf2 Nb3 56. Ke3 Nc5 57. Kd4 Ke7 58. Kc4 Nxa4 59.
Kb5 Nc3+ 60. Kxb6 Ke6 61. Kc6 Ne2 62. Kc5 Nxf4 63. Kd4 Nxh5 64. Ke4 g5 0-1

[Event "?"]
[Site "ICS Rated Blitz match, 131.24"]
[Date "1997.??.??"]
[Round "?"]
[White "Brause"]
[Black "Lichtzahn"]
[Result "0-1"]
[WhiteElo "2355"]
[BlackElo "2575"]
[PlyCount "122"]

1. e4 e5 2. Nf3 Nc6 3. Nc3 Nf6 4. Nxe5 Nxe5 5. d4 Ng6 6. e5 Ng8 7. Bc4 c6 8.
Qf3 d5 9. exd6 Be6 10. Bxe6 fxe6 11. Ne4 Qa5+ 12. Bd2 Qd5 13. h4 h5 14. Qd3 Nh6
15. c4 Qf5 16. c5 O-O-O 17. g3 Ng4 18. O-O-O Rd7 19. Bg5 Kb8 20. Kb1 e5 21. f3
Nh6 22. Rhe1 Nf7 23. Nf2 Qxd3+ 24. Nxd3 Bxd6 25. cxd6 exd4 26. Re6 Rxd6 27.
Rde1 Rxe6 28. Rxe6 Nxg5 29. hxg5 h4 30. gxh4 Nxh4 31. Re7 Nf5 32. Rf7 Rh1+ 33.
Kc2 g6 34. Nc5 Rh2+ 35. Kb3 b5 36. Nd7+ Kc8 37. Ne5 a5 38. a3 a4+ 39. Kb4 Re2
40. f4 Nd6 41. Rf6 Rxb2+ 42. Ka5 Kc7 43. Ka6 Rc2 44. Rxg6 Nf5 45. Rf6 Ne7 46.
g6 Rc3 47. Re6 Nf5 48. Ka5 d3 49. g7 Nxg7 50. Re7+ Kd6 51. Rxg7 Rxa3 52. Rd7+
Ke6 53. Rd8 Rc3 54. Kb4 Rb3+ 55. Kc5 a3 56. Nxc6 a2 57. f5+ Kf6 58. Rf8+ Kg7
59. Ra8 d2 60. Rxa2 d1=Q 61. Kb6 Rc3 0-1

[Event "?"]
[Site "ICS Rated Blitz match, 131.24"]
[Date "1997.??.??"]
[Round "?"]
[White "Brause"]
[Black "Lichtzahn"]
[Result "0-1"]
[WhiteElo "2355"]
[BlackElo "2580"]
[PlyCount "67"]

1. e4 e5 2. Nf3 Nc6 3. Nc3 Nf6 4. Nxe5 Nxe5 5. d4 Ng6 6. e5 Ng8 7. Bc4 c6 8.
Qf3 d5 9. exd6 Be6 10. Bxe6 fxe6 11. Ne4 Nf6 12. Bg5 Qa5+ 13. b4 Qxb4+ 14. c3
Qb2 15. O-O O-O-O 16. Nc5 Rxd6 17. Rfb1 Qc2 18. Nxb7 Rd5 19. Bxf6 gxf6 20. Qxf6
Qf5 21. Qxf5 Rxf5 22. a4 Rg8 23. Rb3 Rg7 24. Nc5 Bxc5 25. dxc5 Rb7 26. Rb4 Rxc5
27. Rab1 Rxb4 28. cxb4 Rc4 29. g3 Ne7 30. Re1 Kd7 31. Re5 Rxb4 32. Ra5 Nc8 33.
Rh5 Rxa4 34. Rxh7+ 0-1

[Event "?"]
[Site "ICS Rated Blitz match, 131.24"]
[Date "1997.??.??"]
[Round "?"]
[White "Brause"]
[Black "jezdec"]
[Result "1-0"]
[WhiteElo "2365"]
[BlackElo "2165"]
[PlyCount "103"]

1. e4 e5 2. Nf3 Nc6 3. Nc3 Nf6 4. Nxe5 Nxe5 5. d4 Ng6 6. e5 Bb4 7. exf6 Qxf6 8.
Bc4 O-O 9. O-O Bxc3 10. bxc3 d6 11. Rb1 b6 12. Be3 Be6 13. Bxe6 Qxe6 14. d5 Qe4
15. Rb4 Qf5 16. Qd3 Qd7 17. Re1 a5 18. Qb5 Qxb5 19. Rxb5 Rfe8 20. Kf1 f5 21.
Bd4 Rxe1+ 22. Kxe1 Re8+ 23. Kd2 Kf7 24. g3 Re4 25. f3 Re7 26. Rb3 Re8 27. c4 h5
28. Rd3 h4 29. Re3 Rxe3 30. Kxe3 f4+ 31. gxf4 Ne7 32. Ke4 g6 33. h3 Nf5 34. Bb2
Ke7 35. Bc3 Ng3+ 36. Ke3 Nf5+ 37. Kd3 Kd7 38. Bf6 Kc8 39. a3 Kb7 40. Kc3 c6 41.
dxc6+ Kxc6 42. Kd3 d5 43. cxd5+ Kxd5 44. c4+ Kc5 45. Bc3 Kd6 46. Be1 Kc6 47.
Bf2 b5 48. Kc3 Ng3 49. Kb3 Nf5 50. cxb5+ Kxb5 51. a4+ Kc6 52. Kc4 1-0

[Event "?"]
[Site "ICS Rated Blitz match, 164.58"]
[Date "1997.??.??"]
[Round "?"]
[White "Brause"]
[Black "ThingOne"]
[Result "1-0"]
[WhiteElo "2285"]
[BlackElo "2310"]
[PlyCount "103"]

1. e4 e5 2. Nf3 Nc6 3. Nc3 Nf6 4. Nxe5 Nxe5 5. d4 Nc6 6. d5 Ne5 7. f4 Ng6 8. e5
Ng8 9. d6 cxd6 10. exd6 Qh4+ 11. g3 Qf6 12. Nb5 Kd8 13. Be3 Qf5 14. Qd4 f6 15.
Bd3 Qg4 16. O-O Nh4 17. Nc7 Rb8 18. Qxa7 Nf3+ 19. Kg2 Nh4+ 20. Kh1 Bxd6 21. Nb5
Qe6 22. Bb6+ Ke7 23. Nxd6 Ra8 24. Nxc8+ Kf7 25. Bc4 Qxc4 26. Nd6+ Kg6 27. Nxc4
Rxa7 28. Bxa7 Nf5 29. Rad1 Ngh6 30. Rxd7 b5 31. Ne3 Nxe3 32. Bxe3 Re8 33. Bc5
Rc8 34. b4 Ra8 35. Ra1 Re8 36. a4 bxa4 37. Rxa4 Nf5 38. Raa7 Re1+ 39. Bg1 h5
40. c4 Re4 41. Rac7 Kh6 42. b5 h4 43. g4 Rxf4 44. gxf5 Rf1 45. Rxg7 Rxf5 46.
Be3+ Kh5 47. Rg1 Rg5 48. Bxg5 fxg5 49. Rg7 Kh6 50. R1xg5 h3 51. Rg3 Kh5 52.
Rxh3# 1-0

[Event "?"]
[Site "ICS Rated Blitz match, 164.58"]
[Date "1997.??.??"]
[Round "?"]
[White "Brause"]
[Black "Pfiffigunde"]
[Result "1-0"]
[WhiteElo "2295"]
[BlackElo "2120"]
[PlyCount "43"]

1. e4 e5 2. Nf3 Nf6 3. Nc3 Nc6 4. Nxe5 Nxe5 5. d4 Ng6 6. e5 Ng8 7. Bc4 d5 8.
Bxd5 c6 9. Bb3 Be6 10. O-O Bxb3 11. axb3 Bb4 12. Ne2 N8e7 13. f4 Nf5 14. c3 Ba5
15. Qd3 Nge7 16. g4 Nh6 17. f5 Bb6 18. f6 Nxg4 19. Qe4 Ng6 20. fxg7 Rg8 21.
Qxg4 Qh4 22. Qxh4 1-0

[Event "?"]
[Site "ICS Rated Blitz match, 164.58"]
[Date "1997.??.??"]
[Round "?"]
[White "Brause"]
[Black "thrilos"]
[Result "1-0"]
[WhiteElo "2295"]
[BlackElo "2580"]
[PlyCount "49"]

1. e4 e5 2. Nf3 Nc6 3. Nc3 Nf6 4. Nxe5 Nxe5 5. d4 Bd6 6. dxe5 Bxe5 7. Bd3 d6 8.
Ne2 O-O 9. f4 Bxf4 10. Bxf4 c6 11. Qd2 d5 12. e5 Ne4 13. Bxe4 dxe4 14. Qxd8
Rxd8 15. Ng3 Be6 16. b3 f5 17. exf6 gxf6 18. Nxe4 Kg7 19. Nd6 Rd7 20. O-O-O
Rad8 21. Nxb7 Re8 22. Rxd7+ Bxd7 23. Kd2 Bf5 24. Nd6 Re6 25. Nxf5+ 1-0

[Event "?"]
[Site "ICS Rated Blitz match, 164.58"]
[Date "1997.??.??"]
[Round "?"]
[White "Brause"]
[Black "Pfiffigunde"]
[Result "1-0"]
[WhiteElo "2295"]
[BlackElo "2110"]
[PlyCount "49"]

1. e4 e5 2. Nf3 Nf6 3. Nc3 Nc6 4. Nxe5 Nxe5 5. d4 Ng6 6. e5 Ng8 7. Bc4 c6 8.
Qe2 Qe7 9. Ne4 Nxe5 10. dxe5 Qxe5 11. f4 Qe7 12. Nd6+ Kd8 13. Nxf7+ Kc7 14.
Qxe7 Bxe7 15. Nxh8 d5 16. Bd3 Nh6 17. Bxh7 Bf5 18. Bxf5 Nxf5 19. Ng6 Bc5 20.
Kd1 Re8 21. Ne5 Bd6 22. Nd3 Ne3+ 23. Bxe3 Rxe3 24. Kd2 Re7 25. g3 1-0

[Event "?"]
[Site "ICS Rated Blitz match, 164.58"]
[Date "1997.??.??"]
[Round "?"]
[White "Brause"]
[Black "Pfiffigunde"]
[Result "1/2-1/2"]
[WhiteElo "2300"]
[BlackElo "2105"]
[PlyCount "51"]

1. e4 e5 2. Nf3 Nf6 3. Nc3 Nc6 4. Nxe5 Nxe5 5. d4 Ng6 6. e5 Ng8 7. Bc4 Bb4 8.
Qf3 Bxc3+ 9. bxc3 Qe7 10. O-O Nh6 11. g3 O-O 12. Qh5 c6 13. Bxh6 gxh6 14. f4 d5
15. Bd3 f5 16. Qxh6 Qg7 17. Qh5 Be6 18. Rad1 Rae8 19. Rf2 b5 20. Bf1 a6 21. Rd3
Re7 22. Bg2 Ref7 23. Qf3 Re7 24. Qh5 Ref7 25. Qf3 Re7 26. Qh5 1/2-1/2

[Event "?"]
[Site "ICS Rated Blitz match, 164.58"]
[Date "1997.??.??"]
[Round "?"]
[White "Brause"]
[Black "BauttuaB"]
[Result "1-0"]
[WhiteElo "2300"]
[BlackElo "2110"]
[PlyCount "83"]

1. e4 e5 2. Nf3 Nc6 3. Nc3 Nf6 4. Nxe5 Nxe5 5. d4 Ng6 6. e5 Ng8 7. Bc4 d5 8.
Bxd5 c6 9. Bb3 Be6 10. Bxe6 fxe6 11. O-O Be7 12. Be3 Qd7 13. Qh5 O-O-O 14. d5
cxd5 15. Bxa7 Nh6 16. Bd4 Nf5 17. Qd1 Qc6 18. Re1 Bb4 19. a3 Bxc3 20. Bxc3 d4
21. Bd2 Nfh4 22. Qg4 Nf5 23. Qd1 Rd5 24. Rc1 Kd7 25. c3 dxc3 26. Rxc3 Qa6 27.
Qc2 Rd8 28. Bg5 Rb8 29. Rb1 Ke8 30. Rc1 Qa8 31. Rc7 Nfe7 32. Bxe7 Nxe7 33. Qxh7
Rbd8 34. h3 Rd1+ 35. Rxd1 Rxd1+ 36. Kh2 Qd8 37. Rxb7 Kf7 38. Qh5+ Kf8 39. Qf3+
Ke8 40. Qg4 Nf5 41. Qg6+ Kf8 42. Qf7# 1-0